000 00441nam a2200157 i 4500
001 41042
003 ES-MaACL
007 t|
008 030307s1974 sp ||||1| spa d
100 1 _aCarpentier, Alejo.
_935442
245 1 3 _aEl recurso del método
_b: (novela) /
_cpor Alejo Carpentier.
250 _a[6ª ed.].
260 _a[Madrid] :
_bSiglo Veintiuno,
_c[1974]
300 _a343 p. ;
_c18 cm.
852 _aES-MaACL
_jE-8039
_bR.92493
999 _c41042
_d41042